LEADER 01238nam a2200301 i 4500 001 000000150126 003 CaOOAMICUS 005 20060518000000.0 008 060518s1983 it u000 u ita u 013 $a127464 040 $aSeMil$bita 100 1 $aTrifonov, Jurij.$0(OLS)http://semarc/name/55636 245 13$aLa casa sul lungofiume /$cJurij Trifonov ; traduzione di Vilma Costantini ; introduzione di Serena Vitale. 260 $aMilano :$bArnoldo Mondadori Editore,$ccopyr. 1983. 300 $a163 p. ;$c19 cm. 490 0 $aOscar Mondadori 490 0 $aGli Oscar Mondadori. Oscar narrativa ;$v605 500 $aFondo Ciprandi. 700 1 $aVitale, Serena,$d<1945- >.$0(OLS)http://semarc/name/37047 700 1 $aCostantini, Vilma.$0(OLS)http://semarc/name/59259 830 0$aOscar.$0(OLS)http://semarc/title/8669 830 0$aOscar narrativa ;$v605.$0(OLS)http://semarc/title/423001 850 $aSeMil 852 $aSeMil$W1$xVenegono$y1$m1V II 127$j102294$B102294$CSeMilBibl$Z2$F111273 $81 941 1 $a1 961 $aOmaggio: Ciprandi dott. Paolo 996 $6245$aLa casa sul lungofiume$9(OLS)http://semarc/title/219527 996 $6260$aMilano :$bArnoldo Mondadori Editore$9(OLS)http://semarc/publisher/30056 LEADER 01230nam a2200265 4500 001 000000356428 003 CaOOAMICUS 005 20231213100845.0 008 231213s1979 gw 000 u ger r 020 $a3-579-03744-7 040 $aSeMil$bita 100 1 $aSudbrack, Josef,$c.$0(OLS)http://semarc/name/11841 245 10$aKomm in den Garten meiner Seele :$bEinführung in die christliche Mystik /$cJosef Sudbrack. 264 1$aGütersloh :$bGütersloher Verlagshaus Gerd Mohn,$c1979. 300 $a125 p. ;$c19 cm 490 1 $aGütersloher Taschenbücher. Siebenstern ;$v329 650 4$aMistica cristiana.$0(OLS)http://semarc/subject/911 830 0$aGütersloher Taschenbücher Siebenstern ;$v329.$0(OLS)http://semarc/title/446701 850 $aSeMil 852 $aSeMil$W1$xVenegono$y1$m2C II 741$j245325$B247596$CSeMilBibl$Z2$F247596 $81 961 $aBiblioteca FTIS - Omaggio 996 $6020$a3-579-03744-7$9(OLS)http://semarc/number/299485 996 $6245$aKomm in den Garten meiner Seele :$bEinführung in die christliche Mystik$9(OLS)http://semarc/title/446700 996 $6264$aGütersloh :$bGütersloher Verlagshaus Gerd Mohn$9(OLS)http://semarc/publisher/30042